[Event "2024 WA Championship Reserves"]
[Site "Woodvale, Perth WA AUS"]
[Date "2024.06.03"]
[Round "7.8"]
[White "Shaw,Robin A"]
[Black "Oscar,Christopher George"]
[Result "1-0"]
[WhiteElo "1713"]
[BlackElo "1438"]
[EventDate "2024.05.31"]
[WhiteFideId "3204677"]
[BlackFideId "5835569"]
[PlyCount "0"]

1.g3 e5 2.Bg2 c6 3.d3 d5 4.Nf3 Bd6 5.O-O Nf6 6.Bg5 h6 7.Bd2 O-O 8.Qc1 Kh7 9.Nc3
Bf5 10.h3 Nbd7 11.Nh4 Be6 12.e4 dxe4 13.dxe4 Nb6 14.b3 Qc8 15.Kh2 Qc7 16.f4 exf4
17.Bxf4 Bxf4 18.Qxf4 Qxf4 19.gxf4 Rad8 20.Rad1 Bd7 21.a4 a5 22.Ne2 Rfe8 23.Ng3
Be6 24.c4 c5 25.e5 Ng8 26.Bxb7 Rb8 27.Bc6 Rec8 28.Be4+ Kh8 29.f5 Bd7 30.Rd6 Be8
31.f6 g5 32.Nhf5 Nd7 33.Ne7 Rc7 34.e6 Nf8 35.Nd5 Ra7 36.e7 Ne6 37.Rxe6 Rxb3
38.Rd6 Rd7 39.Nf5 Rbb7 40.Ra6 Rb8 41.Nd6 h5 42.Bf5 Rxe7 43.fxe7 h4 44.Nxe8 Rxe8
45.Bd7 Rxe7 46.Nxe7 Nh6 47.Rb1 Kg7 48.Nf5+ Nxf5 49.Bxf5 g4 50.Bxg4 Kf8 51.Bh5
Ke8 52.Rf1 Kd8 53.Rxf7 Kc8 54.Ra8# 1-0

[Event "2024 WA Championship Reserves"]
[Site "Woodvale, Perth WA AUS"]
[Date "2024.06.03"]
[Round "7.9"]
[White "Brand,Drew"]
[Black "Raptis,Liam"]
[Result "1-0"]
[WhiteElo "1317"]
[BlackElo "1646"]
[EventDate "2024.05.31"]
[WhiteFideId "3271986"]
[BlackFideId "3254488"]
[PlyCount "0"]

1.Nf3 d5 2.b3 c5 3.e3 Nf6 4.Bb2 Bg4 5.Be2 e6 6.d3 Nc6 7.Nbd2 Be7 8.h3 Bh5 9.g4
Bg6 10.g5 Nd7 11.h4 f6 12.h5 Bf7 13.h6 Rg8 14.hxg7 Rxg7 15.c4 e5 16.cxd5 Bxd5
17.e4 Bf7 18.Nh4 Bg6 19.Bh5 Qc7 20.Nf5 Rf7 21.Nc4 O-O-O 22.Qg4 fxg5 23.Bxg6 hxg6
24.Nxe7+ Rxe7 25.O-O-O Rde8 26.Qxg5 b5 27.Ne3 Qd6 28.Nd5 Rf7 29.Rh6 Rg8 30.Rg1
Rxf2 31.Qe3 Qf8 32.Qh3 Nb4 33.Rh7 Nxa2+ 34.Kb1 Rxb2+ 35.Ka1 Rg7 36.Rh8 Rg8
37.Rxg8 1-0

[Event "2024 WA Championship Reserves"]
[Site "Woodvale, Perth WA AUS"]
[Date "2024.06.03"]
[Round "7.10"]
[White "Wu,Kobe"]
[Black "Akers,Gerard"]
[Result "1-0"]
[WhiteElo "1689"]
[BlackElo "1689"]
[EventDate "2024.05.31"]
[WhiteFideId "3257355"]
[BlackFideId "110033447"]
[PlyCount "0"]

1.e4 c5 2.Nf3 d6 3.Bb5+ Nd7 4.O-O a6 5.Bc4 e6 6.a3 Ngf6 7.Re1 b5 8.Ba2 Bb7 9.d3
Qc7 10.Bf4 e5 11.Bg3 Rc8 12.Ng5 c4 13.Nd2 h6 14.Ngf3 c3 15.bxc3 Qxc3 16.Bb3 Nc5
17.Nf1 Be7 18.Ne3 g6 19.Rb1 Nxb3 20.cxb3 O-O 21.Rc1 Qa5 22.a4 Rxc1 23.Qxc1 d5
24.exd5 Nxd5 25.Bxe5 Rc8 26.Qa1 f6 27.Nxd5 Bxd5 28.Bxf6 Bb4 29.Qe5 Bxb3 30.Qg3
Bf7 31.Qh3 Rc6 32.Bd4 Bd2 33.Qd7 Rc2 34.Re8+ 1-0

[Event "2024 WA Championship Reserves"]
[Site "Woodvale, Perth WA AUS"]
[Date "2024.06.03"]
[Round "7.12"]
[White "Moseley,Paul"]
[Black "Tan, Li Ya Leah"]
[Result "1/2-1/2"]
[WhiteElo "1620"]
[BlackElo "1434"]
[EventDate "2024.05.31"]
[WhiteFideId "3250911"]
[BlackFideId "5838789"]
[PlyCount "0"]

1.e3 e5 2.b3 d5 3.Bb2 Bd6 4.Nc3 Nf6 5.Nf3 a6 6.g3 O-O 7.Bg2 Nc6 8.O-O Bf5 9.d3
Qd7 10.Re1 Bh3 11.Bh1 h6 12.Qd2 Rfe8 13.a3 Ne7 14.Ne2 Ng6 15.c4 c6 16.Rac1 Rac8
17.c5 Bc7 18.Bg2 Bxg2 19.Kxg2 Qf5 20.Neg1 e4 21.Nd4 Qd7 22.f3 exd3 23.Qxd3 Ne5
24.Qc2 Ng6 25.Re2 Bb8 26.Nf5 Be5 27.Bxe5 Rxe5 28.Nd6 Rd8 29.Qc3 Ne8 30.Nxe8
Rdxe8 31.Rd1 Qe6 32.Kf2 Rh5 33.Kg2 Re5 1/2-1/2